La poésie du concept chez Nietzsche (notice n° 2071549)

détails MARC
000 -LEADER
fixed length control field 01830cam a2200169 4500500
005 - DATE AND TIME OF LATEST TRANSACTION
control field 20260405003847.0
041 ## - LANGUAGE CODE
Language code of text/sound track or separate title fre
042 ## - AUTHENTICATION CODE
Authentication code dc
100 10 - MAIN ENTRY--PERSONAL NAME
Personal name Denieuil, Marie
Relator term author
245 00 - TITLE STATEMENT
Title La poésie du concept chez Nietzsche
260 ## - PUBLICATION, DISTRIBUTION, ETC.
Date of publication, distribution, etc. 2026.<br/>
500 ## - GENERAL NOTE
General note 62
520 ## - SUMMARY, ETC.
Summary, etc. Cet article examine la « poésie du concept » chez Nietzsche en montrant que la forme poétique n’est pas un ornement stylistique, mais une modalité de connaissance qui appuie le discours. À partir d’analyses de métaphores et d’images dans Ainsi parlait Zarathoustra et dans ses poèmes de ladite période (1883-1885), il montre que le concept demeure traversé par la sensation et le corps. La poésie permet ainsi de préserver l’origine sensible de la pensée et d’en renouveler la puissance critique. La mise en perspective avec Rimbaud révèle une parenté épistémique : chez l’un comme chez l’autre, le langage poétique devient un moyen d’accès à une connaissance incarnée du réel.
520 ## - SUMMARY, ETC.
Summary, etc. This article examines Nietzsche’s “poetry of the concept,” showing that poetic form is not a stylistic ornament but a mode of knowledge that supports discourse. Through analyses of metaphors and images in Thus Spoke Zarathustra and in Nietzsche’s poems from the same period (1883–1885), it demonstrates that the concept remains permeated by sensation and the body. Poetry thus preserves the sensible origin of thought and renews its critical power. A comparative perspective with Rimbaud reveals an epistemic affinity: In both cases, poetic language becomes a means of access to an embodied knowledge of reality.
786 0# - DATA SOURCE ENTRY
Note Le Philosophoire | 65 | 1 | 2026-03-30 | p. 77-94 | 1283-7091
856 41 - ELECTRONIC LOCATION AND ACCESS
Uniform Resource Identifier <a href="https://shs.cairn.info/revue-le-philosophoire-2026-1-page-77?lang=fr&redirect-ssocas=7080">https://shs.cairn.info/revue-le-philosophoire-2026-1-page-77?lang=fr&redirect-ssocas=7080</a>

Pas d'exemplaire disponible.

PLUDOC

PLUDOC est la plateforme unique et centralisée de gestion des bibliothèques physiques et numériques de Guinée administré par le CEDUST. Elle est la plus grande base de données de ressources documentaires pour les Étudiants, Enseignants chercheurs et Chercheurs de Guinée.

Adresse

627 919 101/664 919 101

25 boulevard du commerce
Kaloum, Conakry, Guinée

Réseaux sociaux

Powered by Netsen Group @ 2025